Những điều cần biết về El Ninô và La Nina

Guardado en:
Detalles Bibliográficos
Autor principal: Nguyễn Đức Ngữ
Formato: Libro
Lenguaje:Vietnamese
Publicado: Khoa học và kỹ thuật 2000
Etiquetas: Agregar Etiqueta
Sin Etiquetas, Sea el primero en etiquetar este registro!
Thư viện lưu trữ: Mạng thư viện Đại học Đà Nẵng
LEADER 00679nam a2200253 4500
001 000021897
003 18345
005 20150423160417.0
008 150423s2000 viesd
020 |c 11500 
041 0 |a vie 
082 1 4 |a 551,57  |b NG-N 
100 1 |a Nguyễn Đức Ngữ 
245 1 0 |a Những điều cần biết về El Ninô và La Nina  |c Nguyễn Đức Ngữ, chủ biên 
260 |b Khoa học và kỹ thuật  |c 2000 
300 |a tr.  |c cm. 
OWN |a LSP 
999 |a From the UDN01 
TYP |a Monograph 
TYP |a Printed language 
980 |a Mạng thư viện Đại học Đà Nẵng